000 00618nam a2200217Ii 4500
001 20065
003 CO-ViMGA
008 241108s9999||||xx |||||||||||||| ||und||
020 _a9789586485333
040 _aCO-ViMGA
_bspa
_erda
_cCO-ViMGA
041 0 _aspa
082 0 4 _aR 332.03 B13g
100 1 _aDiego. Baena Toro
_946114
245 1 0 _aGuía temática financiera
264 1 _aBogotá, Colombia : Ecoe Ediciones, 2008
300 _avolumen
336 _atext
_btxt
_2rdacontent
337 _aunmediated
_bn
_2rdamedia
338 _avolume
_bnc
_2rdacarrier
940 _aidficha_siabuc: 19720. -- ficha_no_siabuc:20065
999 _c40668
_d40668